| 000 | 01072nam a2200253Ia 4500 | ||
|---|---|---|---|
| 001 | 21618 | ||
| 005 | 20260416143423.0 | ||
| 008 | 260320s9999||||xx |||||||||||||| ||und|| | ||
| 020 | _a9789586001687 | ||
| 041 | _aESP | ||
| 082 |
_a658.562 _bH22 |
||
| 100 |
_aHarrington, H. James, _eAUT |
||
| 245 | 0 | _a Mejoramiento de los procesos de la empresa | |
| 246 |
_aBusiness process improvement _bRosas Lopetegui, Gloria Elizabeth; Tiznado Santana, Marco Antonio (traductores) |
||
| 260 |
_aSantafé de Bogotá : _bMcGraw-Hill Interamericana, _c1993 |
||
| 300 |
_axix, 309 páginas : _bgráficos, cuadros, diagramas ; _c24 cm. |
||
| 440 | _a(McGraw-Hill de Management) | ||
| 650 | _aTCA | ||
| 653 | _aControl de calidad; Gestión de producción | ||
| 654 | _aCAN | ||
| 856 |
_uhttps://0u20ywqyg-y-https-www-bibliotechnia-com-mx.itmsp.museknowledge.com/ _zVéase además: Base de datos BiblioTechnia |
||
| 856 |
_uhttps://0u20fwqyh-y-https-research-ebsco-com.itmsp.museknowledge.com/c/qxo6us/search _zVéase además: Base de datos EBSCOhost |
||
| 942 |
_cLIB _dJUS _fMAT _2ddc |
||
| 999 |
_c21618 _d21618 |
||